000 00318nam a2200121Ia 4500
008 230303s9999 xx 000 0 und d
041 _aeng
082 _a621.381 TAU
100 _aTAUB (HERBERT) SCHILLING (DONALD)
245 _aDigital Integrated Electronics
260 _aNEW YORK
_bMc Graw Hill Book
365 _cRS
999 _c177787
_d177787